[Event "Mistrzostwa Polski Niewidomych"]
[Site "Jastrzebia Gora"]
[Date "2011.??.??"]
[Round "1.1"]
[White "Falkowski, Dawid"]
[Black "Chojnowski, Marcin"]
[Result "1-0"]
[WhiteElo "2069"]
[BlackElo "2147"]
[PlyCount "67"]
[EventDate "2011.??.??"]

1. e4 c6 2. d4 g6 3. f4 Bg7 4. Be3 d5 5. Nd2 Nh6 6. Ngf3 Bg4 7. Bd3 dxe4 8.
Bxe4 Nf5 9. Bxf5 Bxf5 10. Ne5 Nd7 11. O-O h5 12. Ndf3 h4 13. Qe2 f6 14. Nd3 Qc7
15. c4 O-O-O 16. d5 h3 17. Nd4 hxg2 18. Rfc1 e5 19. Nb5 Bxd3 20. Qxd3 Qa5 21.
b4 Qxb4 22. Rab1 e4 23. Qxe4 f5 24. Qf3 Qxb1 25. Nxa7+ Kc7 26. Rxb1 Ra8 27.
dxc6 Rxa7 28. Bxa7 bxc6 29. Qb3 c5 30. Qb7+ Kd6 31. Qd5+ Ke7 32. Re1+ Kd8 33.
Bb6+ Kc8 34. Qc6+ 1-0

[Event "Mistrzostwa Polski Niewidomych"]
[Site "Jastrzebia Gora"]
[Date "2011.??.??"]
[Round "1.2"]
[White "Mackowiak, Marek"]
[Black "Dukaczewski, Piotr"]
[Result "1/2-1/2"]
[WhiteElo "2215"]
[BlackElo "2295"]
[PlyCount "65"]
[EventDate "2011.??.??"]

1. c4 g6 2. Nc3 Bg7 3. d4 d6 4. Nf3 Nf6 5. e4 O-O 6. Be2 Qe8 7. O-O e5 8. d5 a5
9. Ne1 Na6 10. Nd3 Nd7 11. Be3 f5 12. f3 Rf7 13. a3 Nac5 14. Nb5 Qd8 15. b4
axb4 16. axb4 Rxa1 17. Qxa1 fxe4 18. fxe4 Rxf1+ 19. Bxf1 Nxe4 20. Qa8 Nef6 21.
Na7 Ng4 22. Bf2 e4 23. Nxc8 Nf8 24. Nf4 Nxf2 25. Kxf2 Bd4+ 26. Ke2 Qh4 27. Ne7+
Qxe7 28. Ne6 Bg7 29. g3 h5 30. Qd8 Qxd8 31. Nxd8 b5 32. cxb5 Bc3 33. Bg2
1/2-1/2

[Event "Mistrzostwa Polski Niewidomych"]
[Site "Jastrzebia Gora"]
[Date "2011.??.??"]
[Round "1.3"]
[White "Suder, Ryszard"]
[Black "Stachanczyk, Jacek"]
[Result "0-1"]
[WhiteElo "2235"]
[BlackElo "2303"]
[PlyCount "114"]
[EventDate "2011.??.??"]

1. Nf3 g6 2. g3 Bg7 3. Bg2 e5 4. e4 Nc6 5. O-O Nge7 6. Nc3 O-O 7. d3 d6 8. Be3
f5 9. Qd2 Nd4 10. Bg5 Nxf3+ 11. Bxf3 c6 12. Bg2 Rf7 13. Kh1 Be6 14. f4 h6 15.
exf5 Bxf5 16. Bxe7 Qxe7 17. fxe5 Qxe5 18. Rae1 Qa5 19. g4 Bxg4 20. Rxf7 Kxf7
21. Qf4+ Bf5 22. Qxd6 Bf8 23. Qf4 Qb4 24. Qd2 Re8 25. Rxe8 Kxe8 26. Qe2+ Kf7
27. Nd1 Qf4 28. Qe3 Bd6 29. Qxf4 Bxf4 30. Kg1 Be5 31. h3 Kf6 32. b4 Kg5 33. b5
cxb5 34. Bxb7 Bxh3 35. Nf2 Bd4 36. Kh2 Be6 37. Ne4+ Kf4 38. c3 Bb6 39. a3 Bf5
40. Kg2 g5 41. Bc6 Bxe4+ 42. Bxe4 Bc5 43. Bc6 Bxa3 44. Bxb5 g4 45. Be8 Bb2 46.
c4 Bd4 47. Bh5 Kg5 48. Be8 h5 49. Bd7 h4 50. Bc6 Kf4 51. Bd7 a5 52. Bc6 h3+ 53.
Kh2 Bf2 54. Bd7 Kg5 55. Kh1 Kh4 56. c5 g3 57. c6 g2+ 0-1

[Event "Mistrzostwa Polski Niewidomych"]
[Site "Jastrzebia Gora"]
[Date "2011.??.??"]
[Round "1.4"]
[White "Pawelec, Bartosz"]
[Black "Gosek, Zenon"]
[Result "1/2-1/2"]
[WhiteElo "2045"]
[BlackElo "2060"]
[PlyCount "60"]
[EventDate "2011.??.??"]

1. e4 c5 2. c3 b6 3. d4 Bb7 4. Bd3 Nf6 5. Qe2 cxd4 6. cxd4 Nc6 7. Nf3 Nb4 8.
Nc3 Nxd3+ 9. Qxd3 e6 10. O-O Be7 11. d5 exd5 12. exd5 d6 13. Nd4 O-O 14. Nf5
Bc8 15. Nxe7+ Qxe7 16. Bg5 Re8 17. h3 Qe5 18. f4 Qf5 19. Qxf5 Bxf5 20. Bxf6
gxf6 21. Rfe1 a6 22. g4 Bd3 23. Rad1 Rxe1+ 24. Rxe1 a5 25. Re7 b5 26. Re3 Bc2
27. Re2 Bd3 28. Re3 Bc2 29. Re2 Bd3 30. Re3 Bc2 1/2-1/2

[Event "Mistrzostwa Polski Niewidomych"]
[Site "Jastrzebia Gora"]
[Date "2011.??.??"]
[Round "1.5"]
[White "Zoltek, Tadeusz"]
[Black "Wolanski, Michal"]
[Result "1-0"]
[WhiteElo "2147"]
[BlackElo "1962"]
[PlyCount "159"]
[EventDate "2011.??.??"]

1. Nf3 Nf6 2. c4 g6 3. Nc3 Bg7 4. e4 d6 5. Be2 c5 6. d4 cxd4 7. Nxd4 O-O 8. O-O
Nc6 9. Be3 Nxd4 10. Bxd4 b6 11. Rc1 Bb7 12. f3 Bh6 13. Rc2 Nh5 14. Re1 Bc8 15.
Bf1 e5 16. Bf2 Be6 17. Nb5 Qf6 18. Qxd6 Rfd8 19. Qb4 Rd7 20. Nc3 Bd2 21. Rxd2
Rxd2 22. Nd5 Rxd5 23. cxd5 Bd7 24. Qd2 Nf4 25. Be3 g5 26. g3 Nh3+ 27. Bxh3 Bxh3
28. Bxg5 Qxf3 29. Qe2 Qxe2 30. Rxe2 Rc8 31. Kf2 Kg7 32. Be7 Rc4 33. b3 Rd4 34.
Bd6 f6 35. Ke3 Kf7 36. Bb8 Bg4 37. Rc2 f5 38. Rc4 Rd1 39. Bxe5 Re1+ 40. Kf4 h5
41. Bc3 Rf1+ 42. Ke5 fxe4 43. Kxe4 Rf2 44. Rc7+ Ke8 45. Rxa7 Rxh2 46. Bd4 b5
47. Bc5 Rg2 48. Kf4 Re2 49. a4 Rc2 50. Bd4 bxa4 51. bxa4 Ra2 52. a5 Kd8 53. a6
Bc8 54. Bf6+ Ke8 55. Ra8 Kd7 56. a7 Bb7 57. Rd8+ Kc7 58. d6+ Kc6 59. Bd4 Ra4
60. Ke5 Ra5+ 61. Ke6 Ra4 62. Be5 Kc5 63. Rh8 Bd5+ 64. Kf6 Rxa7 65. Rxh5 Rf7+
66. Kg6 Rd7 67. Bf4 Kc6 68. Rh2 Be6 69. Rc2+ Kd5 70. Rc7 Rd8 71. Ra7 Rg8+ 72.
Kh7 Rd8 73. Re7 Bd7 74. Re5+ Kc6 75. Re1 Kd5 76. Kg7 Be6 77. Rd1+ Kc6 78. Kf6
Bg4 79. Rc1+ Kd5 80. Rc7 1-0

[Event "Mistrzostwa Polski Niewidomych"]
[Site "Jastrzebia Gora"]
[Date "2011.??.??"]
[Round "1.6"]
[White "Gunajew, Rafal"]
[Black "Zarow, Zdzislaw"]
[Result "1-0"]
[WhiteElo "2272"]
[BlackElo "1959"]
[PlyCount "63"]
[EventDate "2011.??.??"]

1. e4 e5 2. Nf3 d6 3. Bc4 Be7 4. d4 exd4 5. Nxd4 Nf6 6. Nc3 O-O 7. O-O a6 8. a4
Bd7 9. f4 Nc6 10. Nf3 Bg4 11. h3 Bxf3 12. Rxf3 b5 13. axb5 axb5 14. Rxa8 Qxa8
15. Bxb5 Rb8 16. Bd3 Nd4 17. Rf1 Qa5 18. Kh2 c6 19. Ne2 Ne6 20. Ng3 g6 21. Bd2
Qd8 22. Bc3 Nc5 23. f5 Na4 24. Bxf6 Bxf6 25. fxg6 hxg6 26. Qf3 Kg7 27. e5 dxe5
28. Ne4 Be7 29. Qxf7+ Kh6 30. Nf6 e4 31. Qh7+ Kg5 32. h4# 1-0

[Event "Mistrzostwa Polski Niewidomych"]
[Site "Jastrzebia Gora"]
[Date "2011.??.??"]
[Round "2.1"]
[White "Chojnowski, Marcin"]
[Black "Zarow, Zdzislaw"]
[Result "1-0"]
[WhiteElo "2147"]
[BlackElo "1959"]
[PlyCount "69"]
[EventDate "2011.??.??"]

1. d4 Nf6 2. Nf3 d5 3. c4 e6 4. g3 Nbd7 5. Bg2 c6 6. O-O dxc4 7. Qc2 Be7 8.
Qxc4 O-O 9. Nc3 Nd5 10. e4 Nb4 11. Qb3 a5 12. a3 Nd3 13. Be3 c5 14. d5 N7e5 15.
Nxe5 Nxe5 16. Rad1 Ra6 17. Na4 b6 18. h3 exd5 19. exd5 Bd6 20. Bf4 Re8 21. Nc3
Bd7 22. Ne4 b5 23. Nxd6 Rxd6 24. Qc3 Qb6 25. Bxe5 b4 26. axb4 axb4 27. Qe3 f6
28. f4 fxe5 29. fxe5 Rg6 30. e6 Bb5 31. Rfe1 Qd6 32. Qf4 Qb6 33. d6 Rf6 34. Qg4
c4+ 35. Qd4 1-0

[Event "Mistrzostwa Polski Niewidomych"]
[Site "Jastrzebia Gora"]
[Date "2011.??.??"]
[Round "2.2"]
[White "Wolanski, Michal"]
[Black "Gunajew, Rafal"]
[Result "0-1"]
[WhiteElo "1962"]
[BlackElo "2272"]
[PlyCount "92"]
[EventDate "2011.??.??"]

1. c4 e5 2. Nc3 Nc6 3. Nf3 g6 4. g3 Bg7 5. Bg2 d6 6. O-O Nf6 7. d3 h6 8. Rb1 a5
9. a3 O-O 10. b4 axb4 11. axb4 Be6 12. Qc2 Qd7 13. Rd1 Bh3 14. Bh1 Ng4 15. b5
Ne7 16. d4 exd4 17. Nxd4 Rab8 18. Nd5 Kh7 19. Nf4 Nf6 20. Nxh3 Qxh3 21. Bg2 Qh5
22. Bf4 Nd7 23. Ra1 Nf5 24. e3 Nxd4 25. exd4 Rfe8 26. Qd3 Qe2 27. Be3 Qxd3 28.
Rxd3 Nb6 29. Rc1 Red8 30. Ra3 d5 31. c5 Nc4 32. Rd3 Nxe3 33. fxe3 c6 34. Rb3
Ra8 35. bxc6 bxc6 36. Rb6 Ra3 37. Re1 Re8 38. Rf1 Raxe3 39. Rxf7 Kg8 40. Rf4 g5
41. Rg4 Rd3 42. Rxc6 Bxd4+ 43. Rxd4 Rxd4 44. Rd6 Rd1+ 45. Kf2 Rd2+ 46. Kf1 Rf8+
0-1

[Event "Mistrzostwa Polski Niewidomych"]
[Site "Jastrzebia Gora"]
[Date "2011.??.??"]
[Round "2.3"]
[White "Gosek, Zenon"]
[Black "Zoltek, Tadeusz"]
[Result "1-0"]
[WhiteElo "2060"]
[BlackElo "2147"]
[PlyCount "63"]
[EventDate "2011.??.??"]

1. e4 e6 2. d3 d5 3. Nd2 Nf6 4. Ngf3 b6 5. g3 Bb7 6. Bg2 dxe4 7. Ng5 Nc6 8.
Ngxe4 Be7 9. O-O O-O 10. Nxf6+ Bxf6 11. Ne4 Be7 12. Re1 Rb8 13. h4 Nd4 14. c3
Nf5 15. Bg5 f6 16. Bc1 c5 17. a4 Qd7 18. Qc2 Rfd8 19. Rd1 e5 20. a5 c4 21. d4
exd4 22. cxd4 Bxe4 23. Bxe4 Nxd4 24. Qxc4+ Kh8 25. Be3 Bc5 26. b4 Qg4 27. bxc5
bxc5 28. Bxd4 Qxe4 29. Qxc5 Rd5 30. Qxa7 Rbd8 31. a6 h6 32. Qb7 1-0

[Event "Mistrzostwa Polski Niewidomych"]
[Site "Jastrzebia Gora"]
[Date "2011.??.??"]
[Round "2.4"]
[White "Stachanczyk, Jacek"]
[Black "Pawelec, Bartosz"]
[Result "1-0"]
[WhiteElo "2303"]
[BlackElo "2045"]
[PlyCount "113"]
[EventDate "2011.??.??"]

1. e4 e6 2. d4 d5 3. exd5 exd5 4. c4 Nf6 5. Nc3 Be6 6. Nge2 dxc4 7. Nf4 Bg4 8.
f3 Bc8 9. Bxc4 Be7 10. O-O O-O 11. Re1 c6 12. Bb3 Na6 13. d5 Nb4 14. Be3 cxd5
15. Ncxd5 Nbxd5 16. Nxd5 Nxd5 17. Bxd5 Qa5 18. Qb3 Qb4 19. Bf2 a5 20. Qc2 Bf6
21. Rad1 Be6 22. Bxe6 fxe6 23. b3 Rac8 24. Qe2 e5 25. Rd5 Rfe8 26. Rb5 Rc2 27.
Rxb4 Rxe2 28. Rxe2 axb4 29. Bc5 Kf7 30. Bxb4 Ke6 31. Kf2 Rc8 32. Ke3 Rd8 33. g3
Bg5+ 34. Kf2 Kf5 35. Bc3 Rd5 36. h4 Bd8 37. Re4 Rc5 38. Re3 Bb6 39. Ke2 Rd5 40.
Re4 h5 41. Rc4 g6 42. b4 Bd8 43. Rc8 Ke6 44. Rb8 Rd7 45. a3 Kd5 46. Kd3 Bf6 47.
Re8 b6 48. Rg8 e4+ 49. fxe4+ Ke6+ 50. Kc2 Rc7 51. e5 Bxe5 52. Re8+ Kd6 53. Rxe5
Rxc3+ 54. Kxc3 Kxe5 55. a4 Kd5 56. Kd3 Kd6 57. Ke4 1-0

[Event "Mistrzostwa Polski Niewidomych"]
[Site "Jastrzebia Gora"]
[Date "2011.??.??"]
[Round "2.5"]
[White "Dukaczewski, Piotr"]
[Black "Suder, Ryszard"]
[Result "1/2-1/2"]
[WhiteElo "2295"]
[BlackElo "2235"]
[PlyCount "159"]
[EventDate "2011.??.??"]

1. e4 d6 2. d4 Nf6 3. Nc3 g6 4. Be3 Bg7 5. Qd2 c6 6. f3 Qa5 7. g4 h5 8. g5 Nfd7
9. f4 d5 10. f5 dxe4 11. fxg6 fxg6 12. Nge2 Nb6 13. Nf4 Bf5 14. a3 Na6 15. Ra2
Rd8 16. b4 Nxb4 17. axb4 Qxb4 18. Nd1 Qxd2+ 19. Bxd2 Bxd4 20. c3 Be5 21. Ng2
Bb8 22. Be2 O-O 23. O-O Nc8 24. Nde3 e6 25. Nc4 Ne7 26. Bf4 Nd5 27. Bxb8 Rxb8
28. Rc1 Bh3 29. Bf1 Rf5 30. Nd6 Rxg5 31. c4 Bxg2 32. Bxg2 Ne3 33. c5 Rf8 34.
Nxb7 h4 35. Re1 Rb8 36. Rxe3 Rxb7 37. Rc2 Rb5 38. Rec3 h3 39. Rxh3 Rbxc5 40.
Ra2 a5 41. Re3 Rgf5 42. h3 Rfe5 43. Kh2 Kg7 44. Ra4 Rb5 45. Re2 Rb4 46. Ra3 a4
47. Rae3 c5 48. Bxe4 a3 49. Bg2 Rxe3 50. Rxe3 Ra4 51. Re1 a2 52. Ra1 Kf6 53.
Bc6 Ra5 54. Kg2 c4 55. Kf2 c3 56. Be4 g5 57. Ke3 Ke5 58. Bc2 Ra3 59. Kd3 Kd5
60. Bd1 Kc5 61. Bg4 Kd5 62. Bf3+ Kc5 63. Kc2 Kb4 64. Bh5 Ra6 65. Bg6 Rd6 66.
Bd3 e5 67. Re1 Rh6 68. Re4+ Ka3 69. Rxe5 a1=N+ 70. Kxc3 Nb3 71. Bf5 Rc6+ 72.
Kd3 Kb4 73. Ke3 Rc3+ 74. Ke4 Nd2+ 75. Kd5 Rc5+ 76. Ke6 Rxe5+ 77. Kxe5 Nf3+ 78.
Kf6 Ng1 79. Kxg5 Nxh3+ 80. Bxh3 1/2-1/2

[Event "Mistrzostwa Polski Niewidomych"]
[Site "Jastrzebia Gora"]
[Date "2011.??.??"]
[Round "2.6"]
[White "Falkowski, Dawid"]
[Black "Mackowiak, Marek"]
[Result "0-1"]
[WhiteElo "2069"]
[BlackElo "2215"]
[PlyCount "72"]
[EventDate "2011.??.??"]

1. e4 e5 2. Nf3 Nc6 3. d4 exd4 4. Bc4 d6 5. Nxd4 Nf6 6. Nc3 Be7 7. f3 a6 8. Be3
Ne5 9. Be2 d5 10. exd5 Nxd5 11. Nxd5 Qxd5 12. Nb3 Qe6 13. Qd4 Bf6 14. Nc5 Qe7
15. Qa4+ Nd7 16. Rd1 O-O 17. Ne4 Bxb2 18. O-O Be5 19. Rd2 h6 20. Rfd1 Bd6 21.
Bd4 Nc5 22. Bxc5 Bxc5+ 23. Kh1 Ba7 24. c4 f5 25. Nc3 c6 26. f4 Be3 27. Rd3 Bxf4
28. Bf3 Qh4 29. g3 Bxg3 30. Bd5+ cxd5 31. Rxg3 f4 32. cxd5 Bg4 33. Rxg4 Qxg4
34. Ne4 Qf3+ 35. Kg1 Qe3+ 36. Kh1 Rae8 0-1

[Event "Mistrzostwa Polski Niewidomych"]
[Site "Jastrzebia Gora"]
[Date "2011.??.??"]
[Round "3.1"]
[White "Mackowiak, Marek"]
[Black "Chojnowski, Marcin"]
[Result "1-0"]
[WhiteElo "2215"]
[BlackElo "2147"]
[PlyCount "93"]
[EventDate "2011.??.??"]

1. c4 Nf6 2. Nc3 g6 3. d4 Bg7 4. Nf3 O-O 5. e4 d6 6. Be2 e5 7. dxe5 dxe5 8.
Qxd8 Rxd8 9. Bg5 Re8 10. h3 c6 11. O-O-O Nfd7 12. Nd2 Na6 13. Nb3 Ndc5 14. Nxc5
Nxc5 15. Be3 Ne6 16. Bg4 f6 17. Rd2 Bf8 18. b3 Kf7 19. Kb2 h5 20. Bxe6+ Bxe6
21. Rhd1 Reb8 22. f3 b5 23. cxb5 cxb5 24. Nd5 Rc8 25. Rd3 Bc5 26. Rc1 Bxe3 27.
Nxe3 Rxc1 28. Kxc1 Ke7 29. Nd5+ Bxd5 30. Rxd5 a6 31. Kb2 Rc8 32. Rd2 Rc5 33.
Rc2 Kd6 34. b4 Rxc2+ 35. Kxc2 h4 36. Kd3 Ke6 37. Ke3 g5 38. Kf2 Kf7 39. g3 Kg6
40. gxh4 gxh4 41. Ke3 Kg5 42. f4+ Kg6 43. Kf3 Kh6 44. fxe5 fxe5 45. Kg4 Kg6 46.
Kxh4 Kf6 47. Kh5 1-0

[Event "Mistrzostwa Polski Niewidomych"]
[Site "Jastrzebia Gora"]
[Date "2011.??.??"]
[Round "3.2"]
[White "Suder, Ryszard"]
[Black "Falkowski, Dawid"]
[Result "1-0"]
[WhiteElo "2235"]
[BlackElo "2069"]
[PlyCount "75"]
[EventDate "2011.??.??"]

1. Nf3 g6 2. d4 c5 3. c4 cxd4 4. Nxd4 Bg7 5. e4 Nc6 6. Be3 Nf6 7. Nc3 Qa5 8. f3
O-O 9. Be2 d6 10. Qd2 Bd7 11. O-O Rfe8 12. Rfd1 Ne5 13. Rac1 Rac8 14. b3 Qc7
15. Ndb5 Bxb5 16. Nxb5 Qd7 17. Nxa7 Ra8 18. Nb5 Qc8 19. c5 dxc5 20. Rxc5 Nc6
21. a4 Rd8 22. Qxd8+ Nxd8 23. Rxc8 Rxc8 24. Rc1 Rc6 25. Kf2 Kf8 26. Na3 Rxc1
27. Bxc1 Ke8 28. Bb5+ Nc6 29. Bxc6+ bxc6 30. Ke2 Kd7 31. Kd3 Kc7 32. Be3 Nd7
33. Nc4 Kb7 34. b4 Bf6 35. f4 Bg7 36. g3 f6 37. f5 Nb8 38. Na5+ 1-0

[Event "Mistrzostwa Polski Niewidomych"]
[Site "Jastrzebia Gora"]
[Date "2011.??.??"]
[Round "3.3"]
[White "Pawelec, Bartosz"]
[Black "Dukaczewski, Piotr"]
[Result "0-1"]
[WhiteElo "2045"]
[BlackElo "2295"]
[PlyCount "76"]
[EventDate "2011.??.??"]

1. e4 c5 2. c3 e5 3. Nf3 Nc6 4. Bc4 Qc7 5. Qb3 d6 6. Ng5 Nd8 7. f4 h6 8. Nf3
exf4 9. h4 Nf6 10. d4 Nh5 11. O-O Be7 12. e5 O-O 13. Re1 cxd4 14. cxd4 Bg4 15.
Nc3 Bxf3 16. gxf3 Bxh4 17. Nd5 Qd7 18. Re2 Bg3 19. Bd2 dxe5 20. dxe5 Ne6 21.
Bc3 Ng5 22. Bb4 b5 23. Ne7+ Kh8 24. Bd5 Qh3 25. e6 fxe6 26. Ng6+ Kh7 27. Nxf8+
Rxf8 28. Bxf8 exd5 29. Qd3+ Kg8 30. Qxd5+ Kxf8 31. Rf1 Nf6 32. Qd8+ Kf7 33.
Re7+ Kg6 34. Qd3+ Kh5 35. Qe2 Nd5 36. Re5 Ne3 37. Rxe3 fxe3 38. f4+ Qg4 0-1

[Event "Mistrzostwa Polski Niewidomych"]
[Site "Jastrzebia Gora"]
[Date "2011.??.??"]
[Round "3.4"]
[White "Zoltek, Tadeusz"]
[Black "Stachanczyk, Jacek"]
[Result "1/2-1/2"]
[WhiteElo "2147"]
[BlackElo "2303"]
[PlyCount "74"]
[EventDate "2011.??.??"]

1. c4 c6 2. Nf3 Nf6 3. Nc3 d5 4. d4 dxc4 5. a4 Bf5 6. e3 e6 7. Bxc4 Bb4 8. O-O
O-O 9. Qe2 Bg4 10. Rd1 Nbd7 11. h3 Bh5 12. e4 Qe7 13. e5 Nd5 14. Ne4 f5 15.
exf6 gxf6 16. Bh6 Rf7 17. Ng3 Bxf3 18. Qxf3 f5 19. Nh5 Qh4 20. Bf4 N7f6 21.
Nxf6+ Rxf6 22. Bxd5 cxd5 23. Rac1 Rf7 24. Rc2 Rd8 25. Rd3 Bd6 26. Bxd6 Rxd6 27.
Rc8+ Rf8 28. Qg3+ Qxg3 29. Rxg3+ Kf7 30. Rc7+ Kf6 31. Rxb7 Rb6 32. Rxh7 Rxb2
33. Rhg7 f4 34. R3g6+ Kf5 35. f3 Rb4 36. Rg5+ Kf6 37. R5g6+ Kf5 1/2-1/2

[Event "Mistrzostwa Polski Niewidomych"]
[Site "Jastrzebia Gora"]
[Date "2011.??.??"]
[Round "3.6"]
[White "Zarow, Zdzislaw"]
[Black "Wolanski, Michal"]
[Result "1-0"]
[WhiteElo "1959"]
[BlackElo "1962"]
[PlyCount "73"]
[EventDate "2011.??.??"]

1. d4 Nf6 2. c4 c5 3. d5 b5 4. Nc3 bxc4 5. e4 d6 6. Bxc4 g6 7. Nf3 Nbd7 8. Qe2
Bg7 9. O-O O-O 10. Re1 Nb6 11. Bb3 a5 12. Bg5 Ba6 13. Qd2 Re8 14. Rab1 Rb8 15.
h3 Qd7 16. e5 Nh5 17. e6 fxe6 18. Rxe6 a4 19. Bc2 Nf6 20. Bxf6 exf6 21. Rbe1
Rxe6 22. dxe6 Qe7 23. Ne4 Nc4 24. Qd5 Rxb2 25. Bxa4 Rb6 26. Bb3 Ne5 27. Qa8+
Bf8 28. Nxe5 fxe5 29. Nf6+ Kg7 30. Nd5 Bb7 31. Qa5 Bxd5 32. Qxb6 Bxe6 33. Bxe6
Qxe6 34. a4 Qa2 35. a5 Qd2 36. Rb1 e4 37. Qb2+ 1-0

[Event "Mistrzostwa Polski Niewidomych"]
[Site "Jastrzebia Gora"]
[Date "2011.??.??"]
[Round "4.1"]
[White "Chojnowski, Marcin"]
[Black "Wolanski, Michal"]
[Result "0-1"]
[WhiteElo "2147"]
[BlackElo "1962"]
[PlyCount "70"]
[EventDate "2011.??.??"]

1. e4 c5 2. Nf3 d6 3. c3 Qa5 4. Na3 Nc6 5. Nc4 Qc7 6. a4 Nf6 7. Qe2 g6 8. g3
Bg7 9. Bg2 O-O 10. O-O b6 11. e5 dxe5 12. Nfxe5 Bb7 13. d4 cxd4 14. Bf4 Nh5 15.
Nxc6 Nxf4 16. Qxe7 Rac8 17. Nd6 Nxg2 18. Qxc7 Rxc7 19. Nxd4 Ba8 20. Rad1 Rd7
21. Nc4 Rfd8 22. b3 Bf3 23. Nxf3 Rxd1 24. Kxg2 Bxc3 25. Ne3 R1d3 26. Rc1 Bd2
27. Nxd2 Rxd2 28. Rc7 R8d7 29. Rc8+ Kg7 30. h4 R7d3 31. Ng4 Rxb3 32. Rc7 Rbb2
33. Rxa7 h5 34. Ne3 Rxf2+ 35. Kg1 Rfe2 0-1

[Event "Mistrzostwa Polski Niewidomych"]
[Site "Jastrzebia Gora"]
[Date "2011.??.??"]
[Round "4.2"]
[White "Gosek, Zenon"]
[Black "Zarow, Zdzislaw"]
[Result "0-1"]
[WhiteElo "2060"]
[BlackElo "1959"]
[PlyCount "142"]
[EventDate "2011.??.??"]

1. d4 d5 2. Nf3 Nf6 3. g3 Bg4 4. Bg2 Qc8 5. h3 Bxf3 6. Bxf3 Nbd7 7. Bg2 e6 8.
Nd2 c5 9. c3 Bd6 10. O-O cxd4 11. cxd4 O-O 12. b3 a5 13. Bb2 Ra6 14. Qb1 Bb4
15. Qd3 Rd8 16. Rac1 Qb8 17. a3 Bxd2 18. Qxd2 Rc8 19. Rxc8+ Qxc8 20. Rc1 Qd8
21. Bc3 Rc6 22. Bb2 Rxc1+ 23. Qxc1 h6 24. Qc2 b6 25. Kh2 Qb8 26. Qc6 h5 27. h4
Ng4+ 28. Kg1 Ndf6 29. a4 Ne8 30. Bc1 Qd8 31. Bg5 Qb8 32. e4 dxe4 33. Bxe4 Ngf6
34. Bf3 Qd8 35. Qc3 Qd7 36. Bc6 Qc8 37. Qf3 Ng4 38. Bf4 Nef6 39. Bg5 Qc7 40.
Bf4 Qd8 41. Qc3 Qc8 42. Qc4 Qd8 43. Kg2 Qe7 44. Qb5 Qd8 45. Qc4 Qe7 46. f3 Nh6
47. Be4 Nxe4 48. fxe4 Ng4 49. Qc8+ Kh7 50. Qc2 e5 51. dxe5 Nxe5 52. Be3 Qe6 53.
Bd4 Ng4 54. e5+ g6 55. Qc4 Qf5 56. e6 Qe4+ 57. Kg1 Qe1+ 58. Qf1 Qxg3+ 59. Qg2
Qe1+ 60. Qf1 Qxe6 61. Qg2 Qxb3 62. Qf1 Qg3+ 63. Qg2 Qxh4 64. Bxb6 Qg5 65. Kh1
h4 66. Bxa5 Qc1+ 67. Qg1 Qc6+ 68. Qg2 Qxa4 69. Bb6 Qd1+ 70. Bg1 Ne3 71. Kh2
Nxg2 0-1

[Event "Mistrzostwa Polski Niewidomych"]
[Site "Jastrzebia Gora"]
[Date "2011.??.??"]
[Round "4.3"]
[White "Stachanczyk, Jacek"]
[Black "Gunajew, Rafal"]
[Result "1-0"]
[WhiteElo "2303"]
[BlackElo "2272"]
[PlyCount "105"]
[EventDate "2011.??.??"]

1. e4 c5 2. Nf3 d6 3. d4 cxd4 4. Nxd4 Nf6 5. Nc3 a6 6. Bg5 e6 7. f4 Be7 8. Qf3
Qc7 9. O-O-O Nbd7 10. Bd3 h6 11. Bh4 g5 12. fxg5 Ne5 13. Qe2 Nfg4 14. Nf3 hxg5
15. Bg3 Bd7 16. h3 Nxf3 17. gxf3 Ne5 18. f4 gxf4 19. Bxf4 b5 20. Rdf1 b4 21.
Bxe5 dxe5 22. Nd1 a5 23. h4 a4 24. Kb1 b3 25. cxb3 axb3 26. axb3 Qb7 27. Kc2
Rb8 28. Bc4 Bc6 29. Nc3 Bb4 30. Re1 f5 31. exf5 Bxc3 32. bxc3 Bxh1 33. Qxe5 O-O
34. Qxe6+ Kh8 35. Qh6+ Qh7 36. Qxh7+ Kxh7 37. Rxh1 Kh6 38. Be6 Rb5 39. b4 Re5
40. Kb3 Rd8 41. Rh3 Kh5 42. c4 Kg4 43. Rc3 Rd1 44. c5 Rb1+ 45. Ka4 Kf4 46. Rc4+
Ke3 47. h5 Kd3 48. Rh4 Re4 49. Rxe4 Kxe4 50. c6 Rc1 51. Kb5 Ke5 52. Kb6 Kd6 53.
b5 1-0

[Event "Mistrzostwa Polski Niewidomych"]
[Site "Jastrzebia Gora"]
[Date "2011.??.??"]
[Round "4.4"]
[White "Dukaczewski, Piotr"]
[Black "Zoltek, Tadeusz"]
[Result "1/2-1/2"]
[WhiteElo "2295"]
[BlackElo "2147"]
[PlyCount "159"]
[EventDate "2011.??.??"]

1. e4 e6 2. d4 d5 3. Nc3 Nf6 4. e5 Nfd7 5. Nf3 c5 6. dxc5 Nc6 7. Bf4 Bxc5 8.
Bd3 Be7 9. h4 a6 10. h5 Qb6 11. h6 g6 12. O-O Qxb2 13. Ne2 Qb6 14. c3 Qc7 15.
Rc1 Ndxe5 16. Nxe5 Nxe5 17. c4 Qd6 18. Qb3 f6 19. Rfe1 Qa3 20. Bxe5 Qxb3 21.
axb3 fxe5 22. cxd5 Bd6 23. dxe6 Bxe6 24. Nd4 exd4 25. Rxe6+ Kd7 26. Re4 Rac8
27. Bc4 Rhe8 28. Rxd4 b5 29. Rcd1 Rc6 30. Bd5 Rb6 31. Bf3 Rd8 32. g3 Ke7 33.
Bg4 Kf6 34. Rd5 Ke7 35. Kg2 Ke8 36. Be6 Be7 37. Bg8 Rxd5 38. Rxd5 g5 39. Bxh7
Rxh6 40. Be4 Rd6 41. Re5 Kf7 42. Bb7 Kf6 43. Re2 Rb6 44. Bf3 Re6 45. Ra2 Rb6
46. Bg4 Bb4 47. Ra1 Rd6 48. Rh1 a5 49. Rh6+ Kg7 50. Rh5 Bd2 51. Rh1 a4 52. bxa4
bxa4 53. Ra1 Ra6 54. Be2 Ra5 55. Ra2 a3 56. Bc4 Bc3 57. Rc2 Be5 58. Re2 Kf6 59.
Ba2 Rc5 60. Kf3 Rc1 61. Ke4 Ra1 62. Kf3 Rxa2 63. Rxa2 Bb2 64. Kg4 Kg6 65. f3
Kf6 66. Kh5 Kf5 67. Kh6 g4 68. f4 Kf6 69. Kh5 Kf5 70. Kh4 Bf6+ 71. Kh5 Bb2 72.
Kh6 Kf6 73. Kh7 Kf7 74. f5 Kf6 75. Kh6 Kxf5 76. Kh5 Ke4 77. Kxg4 Kd3 78. Kf5
Kc4 79. g4 Kb3 80. Rxa3+ 1/2-1/2

[Event "Mistrzostwa Polski Niewidomych"]
[Site "Jastrzebia Gora"]
[Date "2011.??.??"]
[Round "4.5"]
[White "Falkowski, Dawid"]
[Black "Pawelec, Bartosz"]
[Result "0-1"]
[WhiteElo "2069"]
[BlackElo "2045"]
[PlyCount "50"]
[EventDate "2011.??.??"]

1. e4 e6 2. Nf3 d5 3. e5 c5 4. b4 cxb4 5. d4 Nc6 6. a3 h5 7. axb4 Bxb4+ 8. c3
Be7 9. Bd3 Nh6 10. Na3 Nf5 11. O-O Rb8 12. Re1 a6 13. c4 Nfxd4 14. cxd5 exd5
15. Bb2 Ne6 16. Bf5 b5 17. Nc2 a5 18. Ne3 Bb4 19. Re2 d4 20. Be4 dxe3 21. Bxc6+
Bd7 22. Bxd7+ Qxd7 23. Rxe3 Qxd1+ 24. Rxd1 Ke7 25. Red3 Rhd8 0-1

[Event "Mistrzostwa Polski Niewidomych"]
[Site "Jastrzebia Gora"]
[Date "2011.??.??"]
[Round "4.6"]
[White "Mackowiak, Marek"]
[Black "Suder, Ryszard"]
[Result "1/2-1/2"]
[WhiteElo "2215"]
[BlackElo "2235"]
[PlyCount "62"]
[EventDate "2011.??.??"]

1. c4 Nf6 2. Nc3 d5 3. d4 g6 4. Nf3 Bg7 5. e3 O-O 6. Be2 c5 7. dxc5 Qa5 8. cxd5
Nxd5 9. Qxd5 Bxc3+ 10. Bd2 Bxd2+ 11. Qxd2 Qxc5 12. b4 Qb6 13. O-O Bg4 14. h3
Bxf3 15. Bxf3 Nc6 16. Bxc6 Qxc6 17. Rfc1 Qe6 18. Rc7 Rad8 19. Qc2 Rd7 20. Rxd7
Qxd7 21. Rd1 Qb5 22. a3 e6 23. Qc7 Qa6 24. Qc3 Qa4 25. Rd4 Qb5 26. Qc2 Qb6 27.
a4 a5 28. Qd2 axb4 29. Qxb4 Qc7 30. Rc4 Qd7 31. Rd4 Qc7 1/2-1/2

[Event "Mistrzostwa Polski Niewidomych"]
[Site "Jastrzebia Gora"]
[Date "2011.??.??"]
[Round "5.1"]
[White "Suder, Ryszard"]
[Black "Chojnowski, Marcin"]
[Result "1/2-1/2"]
[WhiteElo "2235"]
[BlackElo "2147"]
[PlyCount "100"]
[EventDate "2011.??.??"]

1. Nf3 Nf6 2. g3 d5 3. Bg2 c6 4. O-O Bf5 5. b3 h6 6. Bb2 Bh7 7. d3 e6 8. Nbd2
Be7 9. e4 O-O 10. Qe2 a5 11. a4 Na6 12. e5 Nd7 13. Nd4 Qc7 14. f4 Ndc5 15. Bh3
b5 16. axb5 cxb5 17. Nxb5 Qb6 18. d4 Nd3 19. cxd3 Qxb5 20. f5 exf5 21. Bxf5
Bxf5 22. Rxf5 Nb4 23. Ba3 Rac8 24. e6 f6 25. Bxb4 Qxb4 26. Ra4 Qb7 27. Nf1 g6
28. Rf2 Bb4 29. e7 Qxe7 30. Qxe7 Bxe7 31. Rxa5 Rc3 32. Rxd5 Rxd3 33. Rd7 Rf7
34. Rc2 Bf8 35. Rd8 Kg7 36. Rcc8 f5 37. d5 f4 38. gxf4 Rxf4 39. Rd7+ Rf7 40.
Rcc7 Rxd7 41. Rxd7+ Kf6 42. Rb7 Ke5 43. Kg2 Rxd5 44. b4 Kd4 45. b5 Bc5 46. b6
Kd3 47. Rb8 Rd7 48. b7 Ba7 49. Rg8 Rxb7 50. Rxg6 Rb6 1/2-1/2